000 00986nam a2200253 i 4500
001 171762
003 ES-MaACL
005 20250915063102.0
008 090528s1948 sp f |||| | spa d
040 _cES-MaACL
080 _a308(460)"1621/65"
080 _a39(460)"1625/65"
100 1 _aDeleito y Piñuela, José,
_d1879-1957
_943365
_eaut
245 1 3 _aLa mala vida en la España de Felipe IV :
_blibertinaje... /
_cJosé Deleito y Piñuela... ; prólogo del doctor Gregorio Marañón.
260 _aMadrid :
_bEspasa Calpe,
_c1948.
300 _aXI, 251 páginas, 7 hojas de láminas ;
_c21 cm.
651 7 _aEspaña-
_xSituación social-
_y1621-1665
_9167783
651 4 _aEspaña-
_xUsos y costumbres-
_yS.XVII
_98524
700 1 _aMarañón, Gregorio,
_d1887-1960
_976311
_eaui
852 _aES-MaACL
_jC-35950
_9178406
_cDEPO2
_xEncuadernación rústica
942 _cMONOGRAFIA
_n0
999 _c171762
_d171762